000 01310nam a2200217Ia 4500
003 Ost
005 20260507075527.0
008 260507s9999||||xx |||||||||||||| ||und||
020 _a84448499319
040 _cfsecg
041 _aara
082 _a380.10285
100 _aكافي، هبة مصطفى
_eمؤلف
245 0 _aالتجارة الإلكترونية /
_c هبة مصطفى كافي
260 _aقسنطينة:
_bألفا للوثائق,
_c2017
300 _a304 صفحة؛
_bإيضاحات ؛
_c25 سم
504 _aببليوغرافيا:ص.295
520 _aمفاهيم مرتبطة بالتجارة الإلكترونية -التجارة الدولية ودور التجارة الإلكترونية في النشاط الاقتصادي -التجارة الإلكترونية -وسائل الدفع السداد في التجارة الإلكترونية أبعاد (جوانب)التجارة الإلكترونية اقتصاديا-اجتماعيا-سياسيا -واقع التجارة الإلكترونية -عقود التجارة الإلكترونية -مخاطر التجارة الإلكترونية -أهم تطبيقات التجارة الإلكترونية "التسويق الإلكتروني".
653 _aالتجارة الإلكترونية
942 _cكتاب
999 _c44804
_d44804